Tortura, derechos humanos y justicia criminal en Chile: resultados de una investigación exploratoria

Salvato in:
Dettagli Bibliografici
Ente Autore: Universidad Diego Portales (Autore)
Natura: Libro
Lingua:spagnolo
Pubblicazione: Santiago Universidad Diego Portales 2002
Soggetti:
Tags: Aggiungi Tag
Nessun Tag, puoi essere il primo ad aggiungerne!!

MARC

LEADER 00000nam a2200000 a 4500
001 UCG1103
003 CL-VaPUC
008 100422e20020000CL |||||||||||||||||spa|d
082 0 4 |a 342.085  |b UNI  |2 21 
110 2 |a Universidad Diego Portales  |e author  |9 548866 
245 1 0 |a Tortura, derechos humanos y justicia criminal en Chile: resultados de una investigación exploratoria 
300 |a 173 p 
942 |c BK 
945 |d 20100422 00:00:00  |a rbrito 
260 |a Santiago  |b Universidad Diego Portales  |c 2002 
650 0 |a Tortura  |9 255793 
650 0 |a Derechos humanos  |9 223025 
650 7 |a DERECHO PENAL  |2 CL-VaPUC  |9 11 
650 0 |a Reforma procesal penal   |9 471095 
650 7 |a PRIVACION DE LIBERTAD  |2 CL-VaPUC  |9 548867 
650 0 |a Violaciones de los derechos humanos  |9 338464 
583 |a last modification  |c 20100422 00:00:00  |k Rodrigo Vera 
999 |c 340555  |d 340553 
952 |0 0  |1 0  |4 0  |6 342_085000000000000_UNI_2002  |7 0  |8 A  |9 435377  |a BIBDER  |b BIBDER  |d 2019-11-22  |i 4663403  |l 2  |m 1  |o 342.085 UNI 2002  |p 4663403  |r 2023-06-23  |s 2023-06-23  |w 2019-11-22  |y BK  |k DER